Dealing with difficult people. (Record no. 100201)

MARC details
000 -LEADER
fixed length control field 00716cam a2200217 4500
008 - FIXED-LENGTH DATA ELEMENTS--GENERAL INFORMATION
fixed length control field 000000n1999 000 0 eng u
020 ## - INTERNATIONAL STANDARD BOOK NUMBER
International Standard Book Number 1840282789
035 ## - SYSTEM CONTROL NUMBER
System control number (Sirsi) u104046
050 ## - LIBRARY OF CONGRESS CALL NUMBER
Classification number 658.3145
100 ## - MAIN ENTRY--PERSONAL NAME
Personal name Linkemer, Bobbi
245 ## - TITLE STATEMENT
Title Dealing with difficult people.
260 ## - PUBLICATION, DISTRIBUTION, ETC.
Place of publication, distribution, etc. London
Name of publisher, distributor, etc. Marshall Publishing
Date of publication, distribution, etc. 1999
300 ## - PHYSICAL DESCRIPTION
Extent 95p. ; 24cm.
350 ## - PRICE (NR) (BK AM CF MU VM SE) [OBSOLETE]
Price 9.99
520 ## - SUMMARY, ETC.
Summary, etc. Part of the Video Arts Self-Development Programme series, which aims to enable the reader to deal effectively with difficult people in a way that makes a continued relationship possible.
650 ## - SUBJECT ADDED ENTRY--TOPICAL TERM
Topical term or geographic name entry element DIFFICULT PEOPLE
650 ## - SUBJECT ADDED ENTRY--TOPICAL TERM
Topical term or geographic name entry element CONFLICT
650 ## - SUBJECT ADDED ENTRY--TOPICAL TERM
Topical term or geographic name entry element INTERPERSONAL SKILLS
690 ## - LOCAL SUBJECT ADDED ENTRY--TOPICAL TERM (OCLC, RLIN)
Topical term or geographic name as entry element MANAGEMENT
942 ## - ADDED ENTRY ELEMENTS (KOHA)
Suppress in OPAC 0
Holdings
Withdrawn status Lost status Source of classification or shelving scheme Damaged status Not for loan Home library Current library Shelving location Date acquired Cost, normal purchase price Total Checkouts Full call number Barcode Date last seen Date last checked out Copy number Cost, replacement price Price effective from Koha item type
    Dewey Decimal Classification     London London Books 22/02/2000 8.49 20 658.3145 LIN 30060533 06/08/2019 09/12/2004 1 8.49 06/08/2019 Book